000 00319nam a2200133Ia 4500
008 230917s9999||||xx |||||||||||||| ||und||
040 _e92420
_aMAIN
041 _aEnglish
082 _a615.842 K167C
100 _aKaushal, Sanjiv
245 0 _aC+ spectrumin young patients of stroke
300 _a102 p.
942 _cTH
999 _c86470
_d86470